000 00717cam a2200253 4500
008 090401t1988 xxu||||| |||| 00| 0 eng d
020 _a0117520802
035 _a(Sirsi) u29443
041 _aeng
050 _a333.70285
110 _aUnited Kingdom
_bDepartment of the Environment
_9982
245 _aHandling geographic information: the government`s response to the report of the committee of enquiry chaired by Lord Chorley
260 _aLondon
_bHMSO
_c1988
300 _a18p. ; 30cm.
350 _a2.8
650 _aCHORLEY LORD
650 _aDIGITAL MAPPING
650 _aGIS
650 _aORDNANCE SURVEY
650 _aPOSTCODES
650 _aSPATIAL DATA
942 _n0
948 _c04/03/1997
999 _c89420
_d89420